|
|
|
|
| LEADER |
00000nam a2200000 a 4500 |
| 001 |
vtls001448667 |
| 003 |
SK-MaSNL |
| 005 |
20260301013744.0 |
| 008 |
240226s xo r slo |
| 015 |
|
|
|a SNBA2003/09-03123
|
| 035 |
|
|
|a SNK000403932
|
| 035 |
|
|
|a urn:nbn:sk:snk-amlruv
|
| 035 |
|
|
|a urn:nbn:sk:snk-am00c9ga
|
| 035 |
|
|
|a 154809F9-A5CF-4108-914A-F4126F157AF8
|
| 040 |
|
|
|a SNK
|b slo
|c SNK
|e AACR2
|
| 041 |
0 |
|
|a slo
|
| 044 |
|
|
|a xo
|c SK
|
| 072 |
|
7 |
|a 025
|x Organizácia knižníc a knižničných fondov
|2 konspekt
|
| 080 |
|
|
|a 025.45
|2 1981
|
| 080 |
|
|
|a 025.45
|2 2. slo
|
| 080 |
|
|
|a (0.034.4)
|2 1981
|
| 245 |
0 |
|
|a Medzinárodné desatinné triedenie
|b výber znakov MT na klasifikáciu v súbornom katalógu periodík
|c zostavila: Hana Vildnerová
|
| 250 |
|
|
|a [1. vyd.]
|
| 260 |
|
|
|a Bratislava
|b Univerzitná knižnica
|c 2002
|
| 300 |
|
|
|a 67 s.
|b tab.
|c 30 cm
|
| 500 |
|
|
|a 30 výt.
|
| 650 |
0 |
7 |
|a medzinárodné desatinné triedenie
|2 SNKPH
|9 63920
|
| 655 |
|
7 |
|a príručky
|2 SNKPH
|9 74364
|
| 655 |
|
7 |
|a výťahy
|2 SNKPH
|9 301009
|
| 700 |
1 |
|
|a Vildnerová, Hana
|4 com
|9 301010
|
| 968 |
|
|
|d 0
|
| 999 |
|
|
|c 556901
|d 558831
|
| 952 |
|
|
|t P60, <03>, [BOOK], {603}
|a SNK
|b SNK
|y PREZ
|7 0
|p 17A0374457
|o snkSB 66259
|i snkKSP 1688/2003
|0 0
|1 0
|4 0
|d 2003-02-07
|f 1
|l 0
|r 2025-04-17 00:00:00
|w 2026-02-23
|
| 952 |
|
|
|t P60, <04>, [BOOK], {604}
|a SNK
|b SNK
|y VYP
|7 0
|p 17A0374458
|o snkSB 66259 D1
|i snkKSP 1689/2003
|0 0
|1 0
|4 0
|d 2003-02-07
|l 0
|r 2005-01-02 00:00:00
|w 2026-02-23
|